000 00414nam a22001577a 4500
003 OSt
008 230522b |||||||| |||| 00| 0 eng d
041 _aeng
082 _a628.11
_bJAW/WA
245 _aWastewater reclamation and reuse /
260 _aNew Delhi :
_c2010.
_bNew Age International,
300 _a314 p.
700 _aJawad A sulaimi (ed.)
_96133
700 _aAsano, Takashi (ed.)
_96134
942 _cBK
999 _c17701
_d17701